[Event "Moscow-chT"]
[Site "Moscow"]
[Date "2014.09.30"]
[Round "3.4"]
[White "Voloshin, Pavel"]
[Black "Borodin, Aleksey"]
[Result "1-0"]
[WhiteElo "2099"]
[BlackElo "1833"]
[PlyCount "97"]
[EventDate "2014.09.27"]
[EventType "team-tourn"]
[EventRounds "11"]
[EventCountry "RUS"]
[SourceTitle "CBM 162 Extra"]
[Source "ChessBase"]
[SourceDate "2014.10.17"]
[SourceVersion "1"]
[SourceVersionDate "2014.10.17"]
[SourceQuality "1"]
[WhiteTeam "Palace"]
[BlackTeam "Karpov Chess School"]
[WhiteTeamCountry "RUS"]
[BlackTeamCountry "RUS"]

1. e4 c5 2. Nf3 e6 3. c3 d5 4. exd5 exd5 5. d4 Nf6 6. Be2 Be7 7. 0-0 0-0 8. Re1 Nc6 9. h3 Bf5 10. Be3 c4 11. Nbd2 b5 12. Ne5 Qc7 13. Ndf3 Rfe8 14. Nxc6 Qxc6 15. Ne5 Qc7 16. g4 Be6 17. Kg2 b4 18. Qc2 bxc3 19. bxc3 Bd6 20. Nf3 Ne4 21. Ng5 Nxg5 22. Bxg5 f6 23. Bd2 Bf7 24. Bf3 Bf4 25. Bxf4 Qxf4 26. Qc1 Qd6 27. Rb1 Bg6 28. Rb5 Rxe1 29. Qxe1 Re8 30. Rxd5 Qf4 31. Qd1 Rb8 32. Rc5 Bd3 33. Qe1 h6 34. Qe3 Qxe3 35. fxe3 Rb2+ 36. Kg3 Rxa2 37. Bd5+ Kf8 38. Bxc4 Bxc4 39. Rxc4 a5 40. Kf3 a4 41. Ke4 Ra1 42. Kd5 Re1 43. Rxa4 Rxe3 44. c4 Rxh3 45. c5 Rc3 46. Kd6 g6 47. c6 f5 48. gxf5 gxf5 49. Ra5 1-0